[Event "DEN-ch"]
[Site "Taastrup"]
[Date "1998.04.10"]
[Round "7"]
[White "Hansen, Curt"]
[Black "Hoi, Carsten"]
[Result "1-0"]
[WhiteElo "2595"]
[BlackElo "2430"]
[Annotator "Hansen,Cu"]
[PlyCount "49"]
[EventDate "1998.04.04"]
[EventType "tourn"]
[EventRounds "9"]
[EventCountry "DEN"]
[EventCategory "9"]
[SourceTitle "CBM 065"]
[Source "ChessBase"]
[SourceDate "1998.08.06"]
[SourceVersion "1"]
[SourceVersionDate "1998.08.06"]
[SourceQuality "1"]

1. e4 {Petursson Baburin Yudasin} g6 2. d4 Bg7 3. Nc3 d6 4. f4 Nf6 5. Nf3 O-O
6. Bd3 Nbd7 {Baburin: This is an off-beat variation, as it allows White to
start a dangerous attack on the kingside.} (6... b6 $5 {Yudasin}) 7. e5 Ne8 8.
Ng5 {This is a very direct attempt to show the drawbacks of the system with 6..
.Nbd7.} (8. e6 {Yudasin} fxe6 9. Ng5 Ndf6 (9... Nb6 10. Nxh7 (10. Qe2 Qd7 $13)
10... Kxh7 11. Qh5+ Kg8 12. Qxg6 Nf6 13. Ne4 Nxe4 14. Bxe4 Rf6 15. Qh7+ Kf8 $17
) 10. Qe2 Qd7 $13) ({Baburin: After} 8. Ne4 {Baburin} c5 9. c3 cxd4 10. cxd4
Nc7 11. O-O Nb6 12. h3 Nbd5 13. Bd2 Ne6 14. Nfg5 Qb6 {Black got advantage in
the game Smith Hansen-Hoi, Naestved op 1988.}) 8... dxe5 {Baburin: I think
that opening up the f-file makes Black´s defence more difficult, so the text
cannot be recommended.} ({Baburin: The following two games illustrate well how
difficult Black´s defensive task is:} 8... e6 {Baburin} 9. h4 h6 10. h5 hxg5
11. hxg6 fxg6 12. Bxg6 Rxf4 13. Bxf4 gxf4 14. Qh5 Kf8 15. O-O-O Qe7 16. Rhf1
$18 {Flogaus-Hahnewald, 1988}) ({Baburin: Or} 8... Nb6 {Baburin} 9. Be3 c6 10.
h4 f6 $2 11. Nxh7 f5 12. h5 Kxh7 13. hxg6+ Kg8 14. Qh5 Nf6 15. exf6 Rxf6 16.
Qh7+ Kf8 17. Qh8+ {1-0, Ankerst-Ramseier, Silvaplana 1993}) 9. fxe5 (9. dxe5 {
Yudasin} Nc5 10. Bc4 Qxd1+ 11. Nxd1 h6 12. Nf3 Be6) 9... Nb6 (9... h6 $2 {
Yudasin} 10. Nxf7 Kxf7 11. e6+ Kxe6 12. Qg4+ Kd6 13. Nb5+ Kc6 14. d5+ $18) 10.
Be3 c6 (10... f6 {Yudasin} 11. Nxh7 Kxh7 12. Qh5+ Kg8 13. Bxg6 $18) (10... h6 {
Yudasin} 11. Nf3 {[]Qd2,000}) 11. O-O Nc7 {I used 30-45 minutes calculating
the variations after this sacrifice. I concluded it had to be strong} (11...
Nd5 {Yudasin} 12. Nxd5 Qxd5 (12... cxd5 13. Nxh7 Kxh7 14. Rxf7 Rxf7 15. Qh5+
Kg8 16. Bxg6 Be6 17. Qh7+ Kf8 18. Bxf7 (18. Bh6 Rf4 (18... Rf6 19. exf6 exf6
20. Rf1 Bg8 21. Bxg7+ Nxg7 22. Qh4 f5 23. Qh6 $40) 19. Bxf4 $40) 18... Bxf7 (
18... Kxf7 19. Bh6 Bg4 20. Rf1+ Ke6 21. Qg6+ Nf6 22. Bxg7 Qe8 23. Qh6 $18) 19.
Bh6 Bxh6 20. Qh8+ Bg8 21. Qxh6+ Ng7 (21... Kf7 22. e6#) 22. Rf1+ Ke8 23. Qxg7
Kd7 $13) 13. c4 $2 (13. Qe2 $1 $16) 13... Qd8 14. e6 (14. Qf3 $5 Bxe5 $2 (14...
f6 $2 15. Nxh7 $18) (14... Nc7 $13) 15. Nxf7) 14... f5 15. Qf3 (15. Nf7 Qb6 16.
c5 Qxb2 $13) 15... Bxd4 16. Nf7 Bxe3+ 17. Qxe3 Qb6 18. c5 Qxb2 $17) 12. Nxh7 ({
Baburin: The 'quiet´approach -} 12. Qe1 {Baburin - would also be very good,
but the text makes a much stronger aesthetic impression, completely refuting
Black´s opening strategy.}) 12... Nbd5 (12... Kxh7 13. Rxf7 Rxf7 (13... Bf5 14.
Bxf5 gxf5 15. Qh5+ Kg8 16. Rxg7+ Kxg7 17. Bh6+ Kh7 18. Bxf8+ Kg8 19. Bh6 $18)
14. Qh5+ Kg8 15. Bxg6 Be6 {- White would break through by playing} (15... Rf4
16. Ne2 $18) 16. Qh7+ Kf8 17. Ne2 $40 {Petursson} (17. Bh6 Qxd4+ 18. Kh1 $18 {
Yudasin} Rf2 (18... Ke8 {Baburin} 19. Qxg7 {with a winning attack.} Qf2 {
Petursson} 20. Rd1 Ncd5 21. Ne4 Qe2 $1 22. Qg8+ Kd7 23. Nc5+ Kc7 24. Nxe6+ Kd7
25. Nc5+ Kc7 $11))) 13. Nxd5 {I was very disappointed when I found out after
the game that 12. Nxh7 had been played before. In a english postal-game in the
70s. In that game white contined 13. Bd2 and won in a few moves - partly
because black defended very badly} Nxd5 14. Bg5 Kxh7 15. Rxf7 Rxf7 (15... Kg8 {
Yudasin} 16. Bxg6 Be6 17. Qh5 Rxf7 18. Qh7+ Kf8 19. Bh6 Ke8 20. Qxg7 Qb6 21.
Bxf7+ Bxf7 22. Qh8+ Kd7 23. Qxa8 Qxb2 24. Rf1 $18) 16. Qh5+ Kg8 17. Bxg6 Nf4 (
17... Rf6 {During the game I thought this was blacks best move. However white
seems to be winning:} 18. Qh7+ Kf8 19. Bh6 Rxg6 20. Rf1+ $1 Ke8 (20... Nf6 21.
Qh8+ Kf7 22. Qxd8 Bxh6 23. exf6 $16) 21. Qxg6+ Kd7 22. Bxg7 {[%cal Yh2h7] /
\h2-h4-h5-h6-h7}) 18. Bxf7+ Kf8 19. Qh7 $1 (19. Bxf4 {Yudasin} Qxd4+ 20. Kh1
Qxf4 21. Bb3 Bg4 22. Qh4 Bxe5) 19... Qxd4+ 20. Kh1 Kxf7 21. Rf1 $18 Qxe5 (21...
Ke8 {Yudasin} 22. Bxf4 Bxe5 23. Qh5+) (21... Ke6 {Yudasin} 22. Qxg7 (22. Bxf4
Bxe5 23. Qg8+ Kd7 (23... Kd6 24. Qd8+ Kc5 25. Qxe7+ Bd6 26. Bxd6+ Qxd6 27. b4+)
24. Bxe5 Qxe5 25. Rd1+ Kc7 26. Rd8) 22... Nd5 $13) 22. Rxf4+ Ke8 (22... Ke6 {
Yudasin} 23. Re4) 23. Qg6+ Kd8 24. Re4 Qd5 (24... Bf5 25. Rxe5 Bxg6 26. Rxe7
Bh6 27. Rg7+ (27. Bh4 {Yudasin} Kc8 28. Re6 $18) 27... Bxg5 28. Rxg6 $18) 25.
Rxe7 1-0

[Event "Villa Martelli"]
[Site "Villa Martelli"]
[Date "1997.06.06"]
[Round "6"]
[White "Ginzburg, Maximiliano"]
[Black "Tkachiev, Vladislav"]
[Result "0-1"]
[WhiteElo "2450"]
[BlackElo "2630"]
[Annotator "Har Zvi,R"]
[PlyCount "62"]
[EventDate "1997.06.01"]
[EventType "tourn"]
[EventRounds "11"]
[EventCountry "ARG"]
[EventCategory "13"]
[SourceTitle "CBM 060"]
[Source "ChessBase"]
[SourceDate "1997.09.29"]
[SourceVersion "1"]
[SourceVersionDate "1997.09.29"]
[SourceQuality "1"]

1. e4 g6 2. d4 Bg7 3. Nc3 d6 4. f4 Nf6 5. Nf3 O-O 6. Bd3 Na6 7. O-O c5 8. d5
Bg4 9. a4 $6 {the main moves in this position are h3,Qe1 and Bc4.9.a4 as I
understnad it is already incorrect,white playes a4 in order to stop black from
playing b5,and that's only after black has played Nc7,here black's Knight is
still on a6,and gets a cery strong square on b4} (9. Kh1 Bxf3 $6 (9... Nc7 10.
a4 a6 11. Qe1 Bxf3 12. Rxf3 Nd7 13. Bd2 e6 14. dxe6 fxe6 15. Bc4 Qe7 16. Qd1
$13 {Grosar,A-Bogdanvosky,V JUG-ch 1991}) 10. Rxf3 Nc7 11. a4 a6 12. a5 Nb5 13.
Bd2 Rc8 14. Ra4 Qd7 15. b3 Ne8 16. Ne2 e6 17. dxe6 fxe6 18. f5 $1 $36 gxf5 19.
exf5 {[%cal Ga4h4] Ivanchuk,V-Tabatadze,T Leningrad 1985}) (9. a3 Nc7 10. h3
Bxf3 11. Qxf3 Nd7 (11... e6 12. f5 exd5 13. exd5 Nd7 14. Qg3 Be5 15. Bf4 Ne8
16. Bxe5 Nxe5 $13 {Zulfugarli,M-Kochekhov,G Nikolaev (zt) 1995 64/(115)}) 12.
f5 Rb8 (12... e6) 13. Qg3 b5 14. Bg5 c4 15. Be2 Ne8 16. h4 $13 {Petrosian,
K-Beim,V Budapest 1995 64/115}) (9. Be2 Nc7 10. h3 Bxf3 11. Bxf3 b5 12. a4 b4
13. Ne2 Rb8 14. Be3 Nd7 15. Rb1 Nb6 16. b3 a5 17. h4 $36 {Tseshkovsky,
V-Gurieli,N Moscow Alekhine op 1994}) (9. Be3 Nc7 10. h3 Bxf3 11. Qxf3 (11.
Rxf3 Rb8 12. a4 a6 13. a5 Nb5 14. Nxb5 axb5 15. Bxb5 Nxe4 16. Ra4 f5 17. c3 Ra8
$13 {Klovans,J-Beim,V Berlin 1994}) 11... Rb8 12. a4 Nd7 13. Bc4 a6 14. a5 b5
15. axb6 Nxb6 16. Bd3 Qc8 17. Nd1 Nb5 18. c3 $14 {Stefansson,H-Hoi,C
Copenhagen op 1994}) 9... Nb4 10. Bc4 (10. Be3) 10... e6 11. h3 $6 {another
incorrect after which white's position becomes unpleasent,after 11.h3 exd5
black gets the control over the open "e" file,white gets a weak d5 and c2
pawns,plus it is not for white to devlope his Queen's side} (11. dxe6 fxe6 (
11... Bxe6 12. Bxe6 fxe6 13. Be3 $13 {/=/+}) 12. Be3 (12. h3 d5 $1 13. Be2 (13.
hxg4 dxc4 14. Qe2 Nxg4 15. Qxc4 Nxc2 16. Qxe6+ Kh8 17. Rb1 Bd4+ $1 18. Kh1 (18.
Nxd4 Qxd4+ 19. Kh1 Nf2+ 20. Kh2 Rae8 21. Qb3 Ne3 $17) 18... Nge3 $17) 13...
dxe4 14. hxg4 (14. Nxe4 Nxe4 15. hxg4 Qxd1 16. Bxd1 Rad8 $36 {[%cal Gb4d5]})
14... Qxd1 15. Rxd1 (15. Bxd1 exf3 16. gxf3 (16. Rxf3 Nxg4) 16... Nfd5) 15...
exf3 16. Bxf3 Nxc2 17. Rb1 Rf7) 12... Qe7 $13) 11... exd5 12. exd5 (12. Nxd5
Bxf3 13. Rxf3 (13. Nxf6+ Qxf6 14. Rxf3 Qd4+ 15. Qxd4 Bxd4+ $19) 13... Nxe4 $17)
12... Bd7 $15 {/-/+} (12... Bf5 13. Rf2 {and since white wants to play g4,it's
better to have your bishop on d7 not f5}) 13. Rf2 Re8 {it is simply not easy
to find a plan for white} 14. g4 h5 15. gxh5 $4 {this move seems very strange,
weakening all the pawns on the Queens side,and of course the king him self,
white has to play g5} (15. g5 Ne4 16. Nxe4 Rxe4 17. Bf1 {with c3 on the next,
when white is still playing}) 15... Nxh5 16. Kh2 Bf5 17. Bf1 a6 $17 {/-+
white's position is very difficult,black control really all the board without
even one weakness and very active pieces} 18. Bg2 {[%tqu "En","black is of
much better,but now it seems as good time to end the game,can you see how
tkachiev did it?","","","g7d4","",7]} Bd4 $1 $19 {black wants very much the h4
square for his queen,white has to take since otherwise he will the c2 pawn} 19.
Nxd4 cxd4 20. Qxd4 Qh4 {black is not satisfied with just taking on c2,Qh4 is a
much better move winning immediately} (20... Nxc2 21. Rxc2 Bxc2) 21. Be3 (21.
Qd2 Nxc2 22. Ra2 Bxh3) 21... Nxc2 22. Rxc2 Bxc2 {there is nothing more to see}
23. Bd2 Bf5 24. Rf1 Bxh3 25. Qf2 Qxf2 26. Rxf2 Bxg2 27. Rxg2 Ng7 28. Nd1 Re4
29. Ne3 Rae8 30. Ng4 Nh5 31. f5 Re2 0-1

[Event "Groningen"]
[Site "Groningen"]
[Date "1994.??.??"]
[Round "7"]
[White "Van der Wiel, John"]
[Black "Azmaiparashvili, Zurab"]
[Result "1-0"]
[WhiteElo "2555"]
[BlackElo "2625"]
[Annotator "Hecht,H"]
[PlyCount "145"]
[EventDate "1994.12.??"]
[EventType "tourn"]
[EventRounds "11"]
[EventCountry "NED"]
[EventCategory "15"]
[SourceTitle "CBM 045"]
[Source "ChessBase"]
[SourceDate "1995.04.01"]
[SourceVersion "1"]
[SourceVersionDate "1995.04.01"]
[SourceQuality "1"]

1. e4 d6 2. d4 g6 3. Nc3 Bg7 4. f4 Nc6 5. Be3 Nf6 6. Nf3 O-O 7. Be2 e6 8. h3 b6
9. g4 Bb7 10. g5 Nh5 11. Rg1 f6 12. Qd2 Qe8 13. O-O-O Kh8 14. Nh4 fxg5 15. fxg5
Ne7 16. Bxh5 gxh5 17. g6 Nxg6 18. Bh6 Rg8 19. Nxg6+ hxg6 20. Bxg7+ Rxg7 21.
Qh6+ Rh7 22. Qxg6 Qxg6 23. Rxg6 Rg8 24. Rdg1 Rgg7 25. Kd2 Bc6 26. h4 Be8 27.
Rxg7 Rxg7 28. Rxg7 Kxg7 29. Ke3 $16 {The white N is better than the black B.}
c5 30. dxc5 bxc5 31. e5 d5 32. Kf4 Kg6 33. Ne2 a5 34. Nc1 Ba4 35. Nd3 Bxc2 36.
Nxc5 Kf7 37. Ke3 Kg6 38. Nxe6 Bb1 39. Nd4 Bxa2 40. Kd2 Kf7 41. Kc3 Ke7 42. b3
Bb1 43. Nc6+ Ke6 44. Kd4 Kf5 45. Nxa5 Bc2 46. b4 Ba4 47. Nb7 Kg4 48. Nd6 Kxh4
49. b5 Kg5 50. b6 Bc6 51. b7 Bxb7 52. Nxb7 h4 53. Nc5 Kg4 54. Nd3 Kg3 55. e6 h3
56. e7 h2 57. e8=Q h1=Q 58. Qe5+ $18 {White can play for mate or winning the
black Q.} Kg2 59. Qe2+ Kg3 60. Qe5+ Kg2 61. Qg5+ Kf1 (61... Kh2 62. Qh4+ Kg2
63. Nf4+ Kg1 64. Qe1+ Kh2 65. Qf2+ $18) 62. Qf4+ Kg2 (62... Ke2 63. Qe3+ $18)
63. Qg4+ Kf1 64. Qd1+ Kg2 65. Nf4+ Kh2 66. Qh5+ Kg1 67. Ne2+ Kg2 68. Qxd5+ Kh2
69. Qe5+ Kg2 70. Qe4+ Kh2 71. Qh4+ Kg2 72. Nf4+ Kg1 73. Qe1+ 1-0

[Event "EU-ch 4th"]
[Site "Istanbul"]
[Date "2003.06.01"]
[Round "3"]
[White "Tzermiadianos, Andreas"]
[Black "Inarkiev, Ernesto"]
[Result "1-0"]
[WhiteElo "2428"]
[BlackElo "2568"]
[Annotator "Hecht,H"]
[PlyCount "155"]
[EventDate "2003.05.30"]
[EventType "swiss"]
[EventRounds "13"]
[EventCountry "TUR"]
[SourceTitle "CBM 096"]
[Source "ChessBase"]
[SourceDate "2003.09.25"]
[SourceVersion "1"]
[SourceVersionDate "2003.09.25"]
[SourceQuality "1"]

1. e4 g6 2. d4 Bg7 3. Nc3 d6 4. f4 Nf6 5. Nf3 c5 6. Bb5+ Bd7 7. e5 Ng4 8. Bxd7+
Qxd7 9. d5 dxe5 10. h3 e4 11. hxg4 exf3 12. Qxf3 Na6 13. Bd2 Nb4 14. O-O-O
O-O-O 15. Ne4 Qa4 16. Bxb4 cxb4 17. Kb1 h6 18. f5 Be5 19. fxg6 fxg6 20. Nc5 Qa5
21. Nxb7 Kxb7 22. d6+ Kb6 23. Rd5 Qxd5 24. Qxd5 exd6 25. a3 bxa3 26. Rh3 Rb8
27. Rb3+ Kc7 28. Qa5+ Kc6 29. Qa4+ Kd5 30. Qxa3 Rxb3 31. Qxb3+ Kc6 32. Qf3+ Kb6
33. Qe3+ Ka6 34. Qd3+ Ka5 35. Qd5+ Kb6 36. b4 a6 37. c4 Rf8 38. Kc2 Rf4 39. Qg8
Kc7 40. Kb3 Rxg4 41. Qf7+ Kd8 42. c5 Rf4 43. Qb7 dxc5 44. Qd5+ Kc8 45. Qxe5
Rxb4+ 46. Kc3 Rb6 47. Kc4 {Hinweis: Entfernt man bis auf den Ba6 alle Bauern
vom Brett, so liegt eine Remisstellung vor. Lediglich einige wenige Positionen
mit dem weißen König jenseits der 5. Reihe sind für Weiß gewonnen. Daraus
folgt, daß mit dem weißen g-Bauern so ungefähr alle Positionen für Weiß
gewonnen sind, weil er den Angriff auf den schwarzen König bzw. Turm mit dem
Angriff gegen die/den schwarzen Bauern am Königsflügel verbinden kann.} Rc6 48.
Kd5 Kb7 49. Qb2+ Kc7 50. Qg7+ Kb6 51. Qd7 Rc7 52. Qd8 Kb7 53. Kd6 Rc6+ 54. Kd7
h5 (54... c4 55. Qa5 {[%cal Ra5d5]} Rb6 (55... Rc8 56. Qb4+ $18) 56. Qd5+ Kb8
57. Qxc4 Rb7+ 58. Kd8 Rb6 59. Qf4+ Ka7 60. Qxh6 $18) 55. g3 g5 (55... c4 56.
Qa5 Rb6 57. Qd5+ $18 {wie vor}) 56. Qxg5 Rc7+ 57. Kd6 Rc6+ 58. Kd5 c4 59. Qe7+
Rc7 60. Qb4+ Kc8 61. Qa5 c3 62. Qxa6+ Kd8 63. Qf6+ Kc8 64. Qe6+ Kb7 65. Qe4 c2
66. Kd6+ Ka7 67. Kxc7 c1=Q+ 68. Qc6 {[#] Ein Glücksfall - Schwarz hat kein
Schach! Das Bauernendspiel ist um ein Tempo verloren.} Qxc6+ 69. Kxc6 Kb8 (
69... Ka6 70. Kd6 Kb5 71. Ke5 Kc4 72. Kf5 Kd4 73. Kg5 Ke4 74. Kxh5 Kf3 75. g4
$18) 70. Kd7 (70. Kd5 Kc7 71. Ke5 Kd7 72. Kf6 $8 h4 73. gxh4 Ke8 74. Kg7 $18)
70... Kb7 71. Ke7 Kc6 72. Kf6 Kd7 73. Kg5 Ke6 (73... h4 74. Kxh4 $18) 74. Kxh5
Kf6 75. g4 Kf7 76. Kh6 Kg8 77. g5 Kh8 78. g6 1-0

[Event "Ptuj zt"]
[Site "Ptuj"]
[Date "1995.??.??"]
[Round "12"]
[White "Gostisa, Leon F"]
[Black "Stanec, Nikolaus"]
[Result "1/2-1/2"]
[WhiteElo "2420"]
[BlackElo "2465"]
[Annotator "Hecht,H"]
[PlyCount "203"]
[EventDate "1995.04.??"]
[EventType "tourn"]
[EventRounds "15"]
[EventCountry "SLO"]
[EventCategory "10"]
[SourceTitle "CBM 047"]
[Source "ChessBase"]
[SourceDate "1995.08.01"]
[SourceVersion "1"]
[SourceVersionDate "1995.08.01"]
[SourceQuality "1"]

1. d4 {Endgame-CD} c5 2. d5 g6 3. e4 Bg7 4. f4 d6 5. Nf3 Nf6 6. Nc3 O-O 7. Bd3
Na6 8. O-O Nc7 9. Qe1 e6 10. dxe6 fxe6 11. Qh4 d5 12. e5 c4 13. Ng5 Nh5 14. Be2
h6 15. Nf3 Qxh4 16. Nxh4 Nxf4 17. Bxf4 g5 18. Ng6 Rxf4 19. Nxf4 gxf4 20. Rxf4
Bxe5 21. Rh4 Bg7 22. Rd1 b5 23. Bh5 Bd7 24. Ne4 Rd8 25. Nd6 Rf8 26. Rg4 e5 27.
Rg3 Be6 28. Nb7 e4 29. Nc5 Bc8 30. c3 Kh8 31. Rg6 b4 32. Rc6 bxc3 33. bxc3 Nb5
34. Rf1 Rd8 35. Rb1 Nd6 36. Rd1 Nb5 37. Nxe4 Bb7 38. Rxc4 Rf8 39. Rb4 Bc6 40.
a4 Nxc3 41. Nxc3 Bxc3 42. Rg4 d4 43. Rf1 Rxf1+ 44. Kxf1 Bxa4 45. Rg3 a5 46. Be2
Bc2 47. Bc4 a4 48. Ke2 Kh7 49. Rf3 a3 50. Rf7+ Kg6 51. Ra7 Bb2 52. Ra6+ Kg5 53.
g3 Bb1 54. Be6 Be4 55. h4+ Kf6 56. Bg8+ Kg7 57. Bc4 Bb1 58. g4 Be4 59. Be6 Bc2
60. Bd5 Bb1 61. h5 Bc2 62. Kd2 Bb1 63. Be6 Be4 64. Bf5 Bd5 65. Kc2 Bc4 66. Ra4
Bd5 67. Bd3 Be6 68. Ra6 Bc3 (68... Bf7 69. g5 hxg5 70. h6+ Kf8 71. Ra8+ $18) (
68... Bd5 69. g5 hxg5 70. h6+ Kg8 71. h7+ Kh8 72. Rd6 $18) 69. Rxa3 Bxg4 70.
Bg6 Kf6 71. Rb3 Bf5+ 72. Bxf5 Kxf5 {RP<->B2P. Aktiver sK.} 73. Kd3 Kg4 74. Rb5
Kh4 75. Rd5 Kg4 76. Rb5 Kh4 77. Rf5 Kg4 78. Rd5 Kh4 79. Ke4 Bd2 80. Rxd4 Bg5
81. Kf5+ Kxh5 82. Rc4 Bd8 (82... Be3 $4 {Endgame-CD} 83. Rc3 Bg5 84. Rh3+ Bh4
85. Kf4 $18) 83. Rc8 (83. Rc1 {Endgame-CD} Kh4 $1 84. Rh1+ Kg3 85. Rxh6 $10)
83... Bg5 84. Rc4 Bd8 85. Rc1 Kh4 86. Rh1+ Kg3 87. Rxh6 {R<->B Einfaches
Remisendspiel} Be7 88. Rc6 Bb4 89. Rg6+ Kh2 90. Ke4 Bc5 91. Kf3 Ba7 92. Rg7 Bc5
93. Rg5 Bb6 94. Rb5 Bd4 95. Rh5+ Kg1 96. Rg5+ Kh1 97. Rh5+ Kg1 98. Kg3 Bf2+ 99.
Kh3 Kh1 100. Rd5 Bb6 101. Rd1+ Bg1 102. Rf1 {In the "good" corner (square has
not the colour of the B) is no chance to win. In dieser, der "guten" Ecke (das
Eckfeld hat nicht die Farbe des Läufers) gibt's keine Möglichkeit zu gewinnen.}
1/2-1/2

[Event "Rishon Le Ziyyon YM"]
[Site "Rishon Le Ziyyon"]
[Date "1995.??.??"]
[Round "5"]
[White "Shmuter, Leonid"]
[Black "Bykhovsky, Avigdor"]
[Result "1-0"]
[WhiteElo "2480"]
[BlackElo "2455"]
[Annotator "Hecht,H"]
[PlyCount "123"]
[EventDate "1995.02.??"]
[EventType "tourn"]
[EventRounds "11"]
[EventCountry "ISR"]
[EventCategory "11"]
[SourceTitle "CBM 046"]
[Source "ChessBase"]
[SourceDate "1995.06.01"]
[SourceVersion "1"]
[SourceVersionDate "1995.06.01"]
[SourceQuality "1"]

1. e4 d6 2. d4 Nf6 3. Nc3 g6 4. f4 Bg7 5. Nf3 O-O 6. Be3 Na6 7. e5 Ng4 8. Bg1
c5 9. h3 cxd4 10. Qxd4 Nh6 11. g4 Bd7 12. Bc4 Bc6 13. Bd5 dxe5 14. fxe5 Bxd5
15. Nxd5 Nc7 16. O-O-O Nxd5 17. Qxd5 Qc7 18. Qc5 Rfc8 19. Qxc7 Rxc7 20. Bh2 e6
21. Rd2 Bf8 22. Rhd1 Be7 23. Rd7 Rac8 24. c3 Kf8 25. Bf4 Ng8 26. Kc2 h6 27. h4
Ke8 28. R7d4 Rc4 29. h5 g5 30. Be3 b6 31. a4 Rxd4 32. Nxd4 a6 33. Nb3 Bd8 34.
Bd4 Ne7 35. Nd2 Nc6 36. Kd3 Bc7 37. Ke4 Nxd4 38. cxd4 Bd8 39. Kd3 Rc6 40. b4 b5
41. axb5 axb5 42. Ne4 Be7 43. Ra1 Bxb4 44. Ra8+ Kd7 45. Rh8 Be7 46. Rxh6 Rc1
47. Rh7 Ke8 48. Rh8+ Kd7 49. Rh7 Ke8 50. Rg7 Kf8 51. h6 Rh1 52. Nd6 Bxd6 53.
exd6 Ke8 (53... Rxh6 $142 $5 54. Rg8+ Kxg8 55. d7 Kg7 56. d8=Q Rf6 $13 {
Gewinn!? - Analyse!}) 54. h7 Kd7 55. Rxf7+ Kxd6 56. Rg7 b4 $6 (56... Kc6 $142
$5) 57. Kc4 b3 58. Kxb3 e5 (58... Kd5 $2 59. Rxg5+ Kxd4 60. Rh5 $18) (58... Kc6
$1 59. Kc4 Kd6 60. Kd3 Kc6 61. Ke4 Re1+ 62. Kf3 Rh1 63. Kg2 Rh4 64. Kg3 Rh1 {
Wo ist der Gewinn?? - Analyse!} 65. Rxg5 Rxh7 66. Re5 Kd6 $16 {Ist das der
Gewinn? - Analyse!} 67. Re4) 59. Rxg5 Rxh7 60. Rxe5 Rh4 61. Rg5 $18 Rh1 62. Kc4
1-0

[Event "Bundesliga 9394"]
[Site "Germany"]
[Date "1994.02.26"]
[Round "8.2"]
[White "Jussupow, Artur"]
[Black "Hort, Vlastimil"]
[Result "1/2-1/2"]
[WhiteElo "2665"]
[BlackElo "2535"]
[Annotator "Jussupow,A"]
[PlyCount "166"]
[EventDate "1993.11.06"]
[EventType "team-tourn"]
[EventRounds "15"]
[EventCountry "GER"]
[SourceTitle "CBM 042"]
[Source "ChessBase"]
[SourceDate "1994.10.01"]
[SourceVersion "1"]
[SourceVersionDate "1994.10.01"]
[SourceQuality "1"]
[WhiteTeam "Bayern Muenchen"]
[BlackTeam "Porz"]
[WhiteTeamCountry "GER"]
[BlackTeamCountry "GER"]

1. d4 d6 2. e4 Nf6 3. Nc3 g6 4. f4 Bg7 5. Nf3 c5 6. Bb5+ Bd7 7. e5 Ng4 8. Bxd7+
Qxd7 9. d5 dxe5 10. h3 e4 11. Nxe4 Nf6 12. Nxf6+ Bxf6 13. O-O O-O (13... c4 $2
14. Ne5 Qb5 15. Be3 O-O 16. b3 c3 17. a4 Qa6 18. Qg4 $16 {Yusupov-Hodgson/
Tilburg/1993}) 14. Be3 $5 (14. c4 {Cujpers-Van der Sterren/NLD-ch/1983}) (14.
Ne5 {Dvoretsky-Gljanets/Tbilisi/1979}) 14... Na6 (14... e6 $5 15. Bxc5 Rd8 16.
Bd4 Bxd4+ 17. Qxd4 Qxd5 18. Qxd5 Rxd5 19. Rad1 $14 {Dolmatov-Chernin/URS-FL
Sverdlovsk/1984}) 15. Ne5 $5 Qd6 16. Ng4 $36 {/\f5} Bxb2 (16... Bg7 $2 17. f5
$16 {/\Nh6}) 17. Rb1 Bg7 18. f5 $1 {/\Nh6} Nb4 $5 (18... Nc7 {-Yusupov-Adams/
Dortmund/1994}) 19. c4 Nxa2 20. Rxb7 Nc3 21. Qd3 (21. Qc2 $5 $14) 21... gxf5 $1
22. Rxf5 Qg6 23. Ne5 (23. Bxc5 Ne2+ (23... Rfc8 24. Bxe7 Ne2+ 25. Qxe2 (25. Kh2
Nd4) 25... Qxf5 26. Bf6 $1 Re8 27. Qd2 h5 28. Nh6+ Bxh6 29. Qxh6 Qh7 30. Qg5+
Qg6 31. Qxg6+ fxg6 32. c5 $18 {Tischbierek}) 24. Kh2 Rfc8 $132) 23... Ne2+ $1
24. Kf2 Bxe5 25. Rg5 Nf4 $44 26. Rxg6+ (26. Bxf4 Bxf4 27. Rxg6+ fxg6 $10) 26...
fxg6 27. Qe4 Bd6 28. Ke1 Rf7 (28... a5 $5 29. g3 Nh5 $13) 29. Kd1 a5 30. Kc2 a4
31. Kb2 a3+ 32. Ka2 Ne2 $1 33. Rb3 (33. Qc2 $5 Nd4 34. Qb1 $13) 33... Rf1 $138
(33... Rf2 $3 34. Ka1 $1 (34. Bxf2 $2 Nc1+ $19) (34. Qe6+ $2 Kg7 35. Rxa3 Rxg2
36. Rxa8 (36. Kb3 Rb8+ 37. Ka4 Nc3+ 38. Rxc3 Ra2+ 39. Ra3 Rb4+ 40. Ka5 Rxa3# {
Tischbierek}) 36... Nd4+ $19) 34... Rf1+ $10 {Tischbierek}) 34. Qe6+ Kh8 (34...
Kg7 $140 $5 35. Bh6+ Kxh6 36. Qxe2 Raf8 37. Rf3 $10) 35. Rxa3 Nc3+ 36. Kb3 Rb1+
37. Kxc3 Rxa3+ 38. Kc2 $14 Rab3 39. Qf7 R1b2+ 40. Kd1 Rb1+ 41. Ke2 Rxe3+ $1 42.
Kxe3 Rb8 43. h4 Rg8 44. g4 Rg7 $8 45. Qe8+ Rg8 46. Qf7 Rg7 47. Qe6 Rg8 $8 {
/\Rf8=} 48. h5 {/\h6} gxh5 49. gxh5 Rg5 $1 50. Qf7 (50. h6 $4 Re5+ $19) 50...
h6 $10 51. Kd3 Rg7 52. Qf8+ Kh7 53. Kc2 Rg8 54. Qf5+ Kh8 55. Qf7 Rg3 56. Kb2
Be5+ 57. Kb1 Bd6 58. Ka2 Rg5 59. Kb3 Rg3+ 60. Ka4 Rg5 61. Kb5 Rg3 62. Kc6 Rg5
63. Kd7 Rg3 64. Qf8+ Kh7 65. Qf5+ Kg7 66. Ke8 Kh8 67. Qe6 Kg7 68. Qf7+ Kh8 69.
Qf1 (69. Kf8 Rg4 $10 (69... e5+ $2 70. Ke8 Rg8+ 71. Kd7 Rg7 72. Qxg7+ Kxg7 73.
Kxd6 e4 74. Kxc5 $16)) 69... Kg7 70. Qf8+ Kh7 71. Kd7 Rg5 72. Qf3 Kh8 73. Ke8
Rg8+ 74. Kf7 Rg7+ 75. Ke6 Rg5 76. Kd7 Kg7 77. Qc3+ Kg8 78. Qh3 Kg7 79. Ke8 Kh8
80. Qc3+ Kh7 81. Qc2+ Kg7 82. Qe2 Kh8 83. Qe6 Kg7 (83... Kg7 84. Qf7+ Kh8 85.
Kf8 $4 Rf5 $3 $19) 1/2-1/2